[Event "Budapest Spring Festival 2019"]
[Site "Budapest"]
[Date "2019.04.15"]
[Round "7.3"]
[White "Erdos, Viktor"]
[Black "Gonda, Laszlo"]
[Result "1/2-1/2"]
[WhiteElo "2610"]
[BlackElo "2527"]
[Annotator "TA"]
[PlyCount "38"]
[EventDate "2019.04.09"]
[EventType "swiss"]
[EventCountry "HUN"]
[SourceTitle "playchess.com"]
[Source "ChessBase"]
[SourceQuality "1"]

{[%evp 22,38,26,0,31,0,0,0,0,0,0,-7,0,2,4,4,2,7,22]} 1. d4 Nf6 2. Nf3 d5 3. c4 e6 4. Nc3 c6 5. e3 Nbd7 6. Bd3 dxc4 7. Bxc4 b5 8. Bd3 b4 9. Ne4 Nxe4 10. Bxe4 Bb7 11. O-O Be7 12. b3 O-O {D47: Semi-Slav: Meran System} (12... Nf6 $5 {[%cal Rf6e4]} 13. Bd3 O-O $11) 13. Bb2 Nf6 {The position is equal.} 14. Bd3 Rc8 15. Qe2 c5 16. dxc5 (16. Ba6 Bxa6 17. Qxa6 Qb6 {½-½ (17) Riazantsev,A (2662)-Duda,J (2724) Brest 2018}) 16... Rxc5 17. Rfd1 $146 {[#] And now Bxh7+! would win.} ({Predecessor:} 17. Bd4 Rh5 18. Bxf6 Bxf6 {0-1 (34) Rotelli,P (1918)-Rotunno,G (2037) Amantea 2011}) 17... Qa8 18. a3 bxa3 19. Bxa3 Rc7 1/2-1/2

[Event "Budapest Spring Festival 2019"]
[Site "Budapest"]
[Date "2019.04.15"]
[Round "7.4"]
[White "Timofeev, Artyom"]
[Black "Horvath, Adam"]
[Result "1-0"]
[WhiteElo "2593"]
[BlackElo "2533"]
[Annotator "TA"]
[PlyCount "77"]
[EventDate "2019.04.09"]
[EventType "swiss"]
[EventCountry "HUN"]
[SourceTitle "playchess.com"]
[Source "ChessBase"]
[SourceQuality "1"]

{[%evp 12,77,35,18,35,0,0,-8,9,13,10,14,16,0,10,0,6,-2,14,12,25,0,62,52,89,91,86,94,85,73,80,64,87,69,75,60,79,95,77,93,93,72,79,79,158,148,199,134,207,204,241,236,320,185,472,480,1357,1204,5805,5757,2347,1546,1307,1300,29989,29989,29996,29989]} 1. e4 c5 2. Nf3 Nc6 3. Nc3 e6 4. d4 cxd4 5. Nxd4 Qc7 6. Be3 a6 7. Nxc6 bxc6 {B48: Sicilian: Taimanov: 5 Nc3 Qc7 6 Be3 a6 without Be2} 8. Bd3 Rb8 (8... d5 9. O-O Nf6 10. Re1 Bd6 11. h3 O-O 12. Bg5 Be5 13. exd5 cxd5 14. Qe2 Nd7 15. Qh5 g6 16. Qh4 Bb7 17. Rab1 Rac8 {1-0 (38) Belyakov,B (2430)-Zhigalko,A (2617) Voronezh 2013}) 9. O-O Nf6 {The position is equal.} 10. b3 d5 11. Bd2 $146 ({Predecessor:} 11. f4 Qa5 12. Na4 dxe4 13. Bc4 Be7 14. Qd4 O-O 15. Qa7 Ng4 16. Rae1 Rb7 17. Qa8 Nxe3 18. Rxe3 {0-1 (34) Beckmann,C (1805)-Althoff,R (1840) Germany 2012}) 11... Be7 12. Qe2 O-O 13. Rae1 Re8 14. h3 g6 15. Na4 a5 16. c4 dxc4 (16... Ba6 $11) 17. Bxc4 $14 Nd7 18. Rc1 Ne5 19. Rfd1 Ba3 20. Rc2 Nxc4 21. Qxc4 Rd8 22. Re1 Bb4 23. Bc3 Qf4 24. Nc5 ({Much weaker is} 24. Qxc6 $6 Bd7 $15) 24... e5 25. Nd3 Qg5 {[#] Strongly threatening ...Bxh3.} 26. Bxb4 axb4 27. Re3 Rd4 ({Black should try} 27... Bd7) 28. Qxc6 $16 {Qe8+ is the strong threat.} Bd7 (28... Be6 $16) 29. Qc5 $36 {[%mdl 2048] White is really pushing.} ({Better is} 29. Qc7 $18 Rc8 30. Qxe5 Qxe5 31. Rxc8+ Qe8 32. Rxe8+ Bxe8 33. Ne1) 29... Re8 (29... Rb5 $16 {was necessary.} 30. Qc7 Be6) 30. Rc4 $18 Rxc4 31. bxc4 Qh5 32. Nxb4 ({Don't play} 32. Qxb4 $6 Qd1+ 33. Kh2 Qa1 $18) (32. Qd6 $142 Be6 33. Nxb4 (33. Nxe5 Bxh3 34. Nc6 Be6 $18)) 32... Rc8 $2 (32... Qd1+ 33. Kh2 Qd4) 33. Qd6 Rxc4 (33... Be6 $142 34. c5 Qg5) 34. Nd5 {[#] Intending Nf6+ and mate.} Rc1+ 35. Kh2 {White wants to mate with Nf6+.} Qd1 36. Nf6+ Kg7 37. Qxe5 Qh1+ 38. Kg3 Rg1 39. Nxd7+ {Accuracy: White = 64%, Black = 37%.} 1-0

[Event "Budapest Spring Festival 2019"]
[Site "Budapest"]
[Date "2019.04.15"]
[Round "7.5"]
[White "Borhy, Marcell"]
[Black "Gopal G.N."]
[Result "0-1"]
[WhiteElo "2237"]
[BlackElo "2589"]
[Annotator "ChessBase"]
[PlyCount "90"]
[EventDate "2019.04.09"]
[EventType "swiss"]
[EventCountry "HUN"]
[SourceTitle "playchess.com"]
[Source "ChessBase"]
[SourceQuality "1"]
[TimeControl "40/5400+30:1800+30"]

1. d4 {[%emt 0:01:55]} Nf6 {[%emt 0:00:04]} 2. c4 {[%emt 0:00:13]} g6 {[%emt 0:00:05]} 3. Nf3 {[%emt 0:00:11]} Bg7 {[%emt 0:00:06]} 4. g3 {[%emt 0:00:09]} d5 {[%emt 0:00:09]} 5. cxd5 {[%emt 0:00:11]} Nxd5 {[%emt 0:00:04]} 6. Bg2 {[%emt 0:00:12]} Nb6 {[%emt 0:00:28]} 7. Nc3 {[%emt 0:00:37]} Nc6 {[%emt 0:00:29]} 8. Bf4 {[%emt 0:00:09]} O-O {[%emt 0:04:08]} 9. O-O {[%emt 0:00:15]} Be6 {[%emt 0:16:02]} 10. Rc1 {[%emt 0:02:27]} Nd5 {[%emt 0:05:46]} 11. Nxd5 {[%emt 0:00:26]} Bxd5 {[%emt 0:00:10]} 12. Re1 {[%emt 0:00:27]} Nxd4 {[%emt 0:18:02]} 13. Bxc7 {[%emt 0:30:05]} Qd7 {[%emt 0:00:42]} 14. Ne5 {[%emt 0:11:14]} Bxe5 {[%emt 0:00:51]} 15. Bxe5 {[%emt 0:00:17]} Bxg2 {[%emt 0:00:18]} 16. Qxd4 {[%emt 0:01:02]} Qxd4 {[%emt 0:00:45]} 17. Bxd4 {[%emt 0:00:02]} Bc6 {[%emt 0:00:28]} 18. Red1 {[%emt 0:01:54]} f6 {[%emt 0:01:16]} 19. Bc5 {[%emt 0:06:00]} Kf7 {[%emt 0:00:33]} 20. Rd4 {[%emt 0:00:19]} Rfd8 {[%emt 0:04:29]} 21. Bxa7 {[%emt 0:03:18]} Rxd4 {[%emt 0:00:36]} 22. Bxd4 {[%emt 0:00:08]} Rxa2 {[%emt 0:00:04]} 23. f4 {[%emt 0:00:56]} Ra4 {[%emt 0:03:36]} 24. e3 {[%emt 0:05:36]} h6 {[%emt 0:07:43]} 25. Kf2 {[%emt 0:02:13]} g5 {[%emt 0:00:47]} 26. h3 {[%emt 0:03:26]} Kg6 {[%emt 0:05:41]} 27. Bc5 {[%emt 0:02:39]} Kf7 {[%emt 0:10:10]} 28. Bd4 {[%emt 0:00:56]} Ra5 {[%emt 0:03:15]} 29. Bc3 {[%emt 0:01:08]} Rd5 {[%emt 0:01:27]} 30. Re1 {[%emt 0:02:58]} Rd3 {[%emt 0:04:17]} 31. Re2 {[%emt 0:02:33]} Rd1 {[%emt 0:01:56]} 32. Re1 {[%emt 0:00:12]} Rd8 {[%emt 0:00:46]} 33. Bd4 {[%emt 0:05:58]} Kg6 {[%emt 0:02:20]} 34. Rc1 {[%emt 0:03:54]} h5 {[%emt 0:00:27]} 35. Rc5 {[%emt 0:00:47]} h4 {[%emt 0:03:16]} 36. f5+ {[%emt 0:04:10]} Kf7 {[%emt 0:00:02]} 37. b4 {[%emt 0:01:22]} Ra8 {[%emt 0:03:49]} 38. Ra5 {[%emt 0:00:21]} hxg3+ {[%emt 0:00:27]} 39. Kxg3 {[%emt 0:00:08]} Rh8 {[%emt 0:00:26]} 40. Rc5 {[%emt 0:00:00]} Be4 {[%emt 0:00:00]} 41. Bc3 {[%emt 0:06:37]} b6 {[%emt 0:05:39]} 42. Rb5 {[%emt 0:00:10]} Rc8 {[%emt 0:05:44]} 43. Be1 {[%emt 0:02:23]} Rb8 {[%emt 0:02:09]} 44. Kg4 {[%emt 0:01:41]} Bc6 {[%emt 0:00:26]} 45. Bg3 {[%emt 0:00:07]} Rb7 {[%emt 0:00:22]} 0-1

[Event "Budapest Spring Festival 2019"]
[Site "Budapest"]
[Date "2019.04.15"]
[Round "7.6"]
[White "Stupak, Kirill"]
[Black "Shyam, Sundar M."]
[Result "1/2-1/2"]
[WhiteElo "2547"]
[BlackElo "2519"]
[Annotator "ChessBase"]
[PlyCount "23"]
[EventDate "2019.04.09"]
[EventType "swiss"]
[EventCountry "HUN"]
[SourceTitle "playchess.com"]
[Source "ChessBase"]
[SourceQuality "1"]
[TimeControl "40/5400+30:1800+30"]

1. d4 {[%emt 0:04:05]} Nf6 {[%emt 0:00:09]} 2. c4 {[%emt 0:00:13]} g6 {[%emt 0:00:20]} 3. Nc3 {[%emt 0:01:27]} Bg7 {[%emt 0:00:11]} 4. e4 {[%emt 0:00:04]} d6 {[%emt 0:00:07]} 5. f3 {[%emt 0:00:04]} O-O {[%emt 0:00:12]} 6. Nge2 {[%emt 0:00:20]} c5 {[%emt 0:00:16]} 7. d5 {[%emt 0:00:44]} e6 {[%emt 0:00:07]} 8. Ng3 {[%emt 0:00:04]} exd5 {[%emt 0:00:04]} 9. cxd5 {[%emt 0:00:03]} a6 {[%emt 0:00:05]} 10. a4 {[%emt 0:00:02]} Nbd7 {[%emt 0:00:03]} 11. Be2 {[%emt 0:00:49]} Ne8 {[%emt 0:00:05]} 12. O-O {[%emt 0:13:25]} 1/2-1/2

[Event "Budapest Spring Festival 2019"]
[Site "Budapest"]
[Date "2019.04.15"]
[Round "7.7"]
[White "Nisipeanu, Liviu-Dieter"]
[Black "Gorodetzky, David"]
[Result "1-0"]
[WhiteElo "2680"]
[BlackElo "2461"]
[Annotator "TA"]
[PlyCount "69"]
[EventDate "2019.04.09"]
[EventType "swiss"]
[EventCountry "HUN"]
[SourceTitle "playchess.com"]
[Source "ChessBase"]
[SourceQuality "1"]

{[%evp 14,69,16,19,20,20,27,0,0,0,0,0,4,-41,-43,-47,-46,-62,0,0,0,0,3,6,6,0,10,0,0,0,0,0,0,0,0,-18,-28,-41,-55,-35,75,75,72,69,164,165,443,485,472,454,528,479,461,470,498,494,435,412]} 1. e4 e6 2. d4 d5 3. Nd2 c5 4. Ngf3 cxd4 5. Nxd4 Nc6 6. Bb5 Bd7 7. Nxc6 bxc6 8. Bd3 Bd6 {C07: French Tarrasch: 3...c5, 4 Ngf3 and 4 exd5 Qxd5} (8... Qc7 9. Qe2 Ne7 10. O-O Ng6 11. Nf3 Bd6 12. c4 dxe4 13. Bxe4 O-O 14. Rd1 Rad8 15. h3 c5 16. b3 Bc6 {0-1 (40) Nepomniachtchi,I (2763)-Vitiugov,N (2719) St Petersburg 2018}) 9. Qe2 e5 10. O-O Ne7 {The position is equal.} 11. c4 d4 12. c5 $146 ({Predecessor:} 12. f4 exf4 13. e5 Bc7 14. Ne4 Bxe5 15. Bxf4 Qc7 16. Bg3 {½-½ (68) Kevlishvili,R (2451)-Poetsch,H (2485) Vandoeuvre 2018}) 12... Bxc5 13. Nc4 Ng6 14. Qh5 Be7 15. Bd2 O-O (15... Qc7 $15) 16. Nxe5 $11 Nxe5 17. Qxe5 Be6 18. Qg3 {Threatens to win with Bh6.} Bh4 19. Qf4 c5 20. Rac1 Be7 21. b3 a5 22. Qg3 {And now Bh6 would win.} Bh4 23. Qf3 Be7 24. e5 a4 25. Qe4 {[%csl Gd3][%cal Re4h7] [#]} g6 26. Bh6 Bf5 (26... Re8 $15 {stays ahead.}) 27. Qf3 $16 Bxd3 28. Bxf8 $40 {[%mdl 128] Black needs to defend precisely.} Bg5 (28... Bxf1 $14 29. Bxe7 Be2) 29. Be7 $18 {[%mdl 64] [#] Deflection} ({Don't take} 29. Bxc5 Bxf1 30. Rxf1 axb3 $16) 29... Qxe7 $2 (29... Bxe7 30. Qxd3 axb3) 30. Qxa8+ {[%mdl 64] Double Attack. White is clearly winning.} Kg7 31. f4 axb3 {Hoping for ...b2.} 32. axb3 Bxf1 33. Rxf1 Qd8 34. Qxd8 Bxd8 35. Kf2 {Accuracy: White = 83%, Black = 49%.} 1-0

[Event "Budapest Spring Festival 2019"]
[Site "Budapest"]
[Date "2019.04.15"]
[Round "7.8"]
[White "Markus, Robert"]
[Black "Raja Harshit"]
[Result "1/2-1/2"]
[WhiteElo "2600"]
[BlackElo "2432"]
[Annotator "TA"]
[PlyCount "114"]
[EventDate "2019.04.09"]
[EventType "swiss"]
[EventCountry "HUN"]
[SourceTitle "playchess.com"]
[Source "ChessBase"]
[SourceQuality "1"]

{[%evp 14,114,35,41,47,15,48,0,0,0,0,0,8,0,10,-2,37,14,13,4,25,25,79,78,88,89,74,71,75,14,19,6,6,-17,-35,-18,0,0,0,0,0,-74,-69,-83,0,-56,0,-45,-24,-27,-27,-22,-22,-32,-18,-22,-35,-27,-24,-43,0,-3,0,0,0,0,0,0,0,0,22,26,198,158,139,82,82,82,83,100,95,128,95,22,86,106,1135,995,615,25,25,13,25,27,28,8,8,8,8,0,0,0,0]} 1. d4 Nf6 2. c4 g6 3. g3 Bg7 4. Bg2 O-O 5. Nc3 c6 6. e4 d6 7. Nge2 a6 8. O-O Nbd7 {E72: King's Indian: 4 e4 d6 5 g3} (8... b5 9. cxb5 axb5 10. e5 Ne8 11. Nxb5 Ba6 12. Nbc3 dxe5 13. dxe5 Qxd1 14. Rxd1 Bxe5 15. Bf4 Bxe2 16. Nxe2 Bxf4 17. Nxf4 {1-0 (54) Harikrishna,P (2744)-Rakhmanov,A (2653) Riadh 2017}) 9. b3 Rb8 $146 ({Predecessor:} 9... Qc7 10. Bb2 e5 11. Qd2 Re8 12. Rad1 Rb8 13. Kh1 Bf8 14. f4 exd4 15. Nxd4 Nc5 {1-0 (41) Danner,L (2178)-Frotzheim,R (2041) Griesheim 2003}) 10. h3 b5 11. cxb5 axb5 12. Be3 Bb7 13. a3 e6 14. f4 h5 15. e5 Nd5 16. Bf2 Nxc3 (16... Ba6 {with more complications.} 17. Nxd5 cxd5 18. Qd2 Qb6 19. Rfc1 Rfc8) 17. Nxc3 c5 (17... d5 $11 {keeps the balance.}) 18. Bxb7 $16 (18. exd6 Bxg2 19. Kxg2 Qa5 $11) 18... Rxb7 19. Ne4 $1 {[%cal Re4d6]} dxe5 20. dxe5 Rc7 21. Rc1 (21. Qe2 $16) 21... Qa8 $11 22. Nd6 Rb8 23. a4 bxa4 24. bxa4 Nb6 25. Rb1 Nd5 26. Rxb8+ Qxb8 27. Nc4 (27. h4 $11) 27... h4 $1 $17 28. gxh4 Qa8 (28... Rb7 $17 {White must now prevent ...Rb4.} 29. h5 (29. Bxc5 Rb3 $17) 29... Nxf4 30. Bxc5 Rb3) 29. Bg3 (29. Be1 $11) 29... Rb7 (29... Qa6 $15 30. Qc2 Rd7) 30. a5 Rb4 31. Qc2 Qa6 32. Rc1 Bh6 33. Be1 $1 Bxf4 34. Bxb4 Nxb4 35. Qd1 Bxc1 36. Qxc1 Qc6 37. Qf4 Qd5 38. Nd6 Qd1+ 39. Kh2 Qe2+ 40. Kg3 Qe1+ 41. Kg2 Qe2+ 42. Qf2 Qxf2+ $2 (42... Qxe5 $11 {and Black has nothing to worry.} 43. Qxf7+ {[%mdl 64] Double Attack} Kh8 44. Qf8+ Kh7) 43. Kxf2 $11 {[%mdl 4096] Endgame KN-KN} Nd3+ 44. Ke3 ({White should play} 44. Ke2 Nxe5 45. a6) 44... Nxe5 $16 45. a6 {aiming for a7.} Nc6 46. Nb7 Kf8 47. Nxc5 Ke7 48. Nd3 (48. Kf4 $16) 48... Kd6 {[#]} (48... e5 $1 $11) 49. Kf4 $1 {Ne5! is the strong threat.} Kc7 $2 {[%mdl 8192] [#]} (49... f6 $16) 50. Kg5 $1 $18 {[%cal Rg5f6]} ({Inferior is} 50. Ne5 Nxe5 51. Kxe5 f5 $15) 50... e5 51. Nf2 $2 (51. Kf6 $18 e4 52. Nf4) 51... Nd4 $11 52. Kf6 Nf3 53. Kxf7 Nxh4 54. Nd3 Ng2 {The position is equal.} 55. Nc5 {Strongly threatening a7.} Kb6 56. Ke6 Nf4+ 57. Kxe5 Nxh3 {Accuracy: White = 47%, Black = 46%.} 1/2-1/2

[Event "Budapest Spring Festival 2019"]
[Site "Budapest"]
[Date "2019.04.15"]
[Round "7.9"]
[White "Asadli, Vugar"]
[Black "Bernadskiy, Vitaliy"]
[Result "1-0"]
[WhiteElo "2454"]
[BlackElo "2587"]
[Annotator "TA"]
[PlyCount "135"]
[EventDate "2019.04.09"]
[EventType "swiss"]
[EventCountry "HUN"]
[SourceTitle "playchess.com"]
[Source "ChessBase"]
[SourceQuality "1"]

{[%evp 9,135,5,10,-2,10,-1,10,0,13,10,27,31,34,30,30,8,49,45,29,40,28,28,68,32,37,32,56,0,39,8,68,79,79,79,64,60,117,129,100,81,97,81,81,81,81,101,91,102,96,114,185,157,266,266,274,262,258,253,224,109,136,64,148,97,135,136,136,135,136,135,136,101,101,101,101,101,101,94,101,94,419,419,412,412,368,273,328,313,331,285,258,244,6177,6177,6177,6177,6177,6169,6141,8,8,0,5700,5619,2031,1527,6169,6169,6169,6169,5719,5173,6169,6166,6144,6144,6119,6104,6104,6086,6070,6070,5670,5495,5114,5114,1649,1377]} 1. e4 c5 2. Ne2 a6 3. g3 h5 $146 ({Predecessor:} 3... d5 4. Bg2 dxe4 5. Nbc3 Nf6 6. Nxe4 Nxe4 7. Bxe4 e6 8. d4 Nd7 9. O-O Bd6 10. dxc5 Nxc5 {1-0 (28) Onischuk,V (2627)-Popovic,D (2518) Dresden 2018}) 4. h3 d5 5. d3 Nc6 6. Bg2 {B20: Sicilian: Unusual White 2nd moves} dxe4 7. dxe4 Qxd1+ 8. Kxd1 {The position is equal.} Nf6 9. a4 Bd7 10. Be3 Rd8 11. Nd2 e5 12. a5 Be7 13. Nc3 h4 14. g4 Nd4 15. Kc1 Be6 16. f4 exf4 17. Bxf4 O-O 18. Re1 (18. Bg5 $14) 18... Nh7 19. e5 (19. Be3 {feels hotter.} Nf6 20. Bf2 Nh7 21. Nf3 Nxf3 22. Bxf3 Bg5+ 23. Kb1) 19... Bg5 (19... Rd7 $11) 20. Bxg5 $14 Nxg5 21. Bxb7 Nxh3 22. Bxa6 Bxg4 (22... Ra8 $14 23. Bb7 Ra7) 23. Bb7 $1 $16 Nf4 24. a6 Nde2+ 25. Nxe2 Nxe2+ {[#]} 26. Rxe2 $1 {[%mdl 512]} Bxe2 27. a7 Ra8 28. Ne4 $1 {[%cal Re4c5][%mdl 1024] White has strong compensation.} (28. Bxa8 Rxa8 29. Ne4 h3 $11) 28... Bf3 29. Kd2 $1 h3 (29... Bxe4 $16 30. Bxe4 Rfe8) 30. Ke3 $1 $18 {[%cal Re3f3]} (30. Nxc5 $2 Rfd8+ 31. Ke3 Bxb7 $19) (30. Bxa8 Rxa8 31. Ke3 Bg2 $11) 30... Bg2 {[#]} (30... Rxa7 $16 {was worth a try.} 31. Rxa7 h2 32. Nf6+ gxf6 33. Bxf3 fxe5) 31. Kf2 $1 ({Avoid the trap} 31. Nxc5 $2 Bxb7 32. Nxb7 Rfc8 $19) ({Stronger than} 31. Bxa8 Rxa8 32. Kf4 h2 $11) 31... f5 {[#]} 32. exf6 $1 ({Not} 32. Nxc5 $2 Bxb7 33. Nxb7 Rf7 $19) 32... gxf6 {Strongly threatening ...f5.} 33. Bxa8 Rxa8 34. Nxf6+ {[%mdl 4096] Endgame KRB-KRN} (34. Nxc5 $18 {is the precise move to win.} Kf7 35. Kg1) 34... Kf7 35. Nd7 (35. Ng4 $16) 35... Rd8 ({Black should try} 35... Rg8 $14 36. Kg1 Bb7+ 37. Kh2 Rg2+ 38. Kxh3 Rxc2) 36. Ne5+ (36. Nxc5 $142 {Nd3 is the strong threat.} Rd2+ 37. Kg3) 36... Ke7 37. Kg3 Rg8+ 38. Kh2 Kd6 39. Nc4+ Kc7 40. Ra5 Kb7 41. Ne3 Ka8 42. Rxc5 Kxa7 43. Nxg2 hxg2 $16 {KR-KR} 44. Kg1 Kb6 $2 {[%mdl 8192]} (44... Ka6 $16 {is tougher.}) 45. Rd5 $18 Ra8 46. Rd2 Kc5 47. Rxg2 Kd4 48. Rg4+ Kc5 49. Rg5+ Kd4 50. Kf2 Rc8 $2 (50... Rb8 51. Rg4+ Kc5) 51. Rg4+ Kd5 52. c3 Rb8 53. Rd4+ Kc6 54. Rc4+ $2 (54. b4 $18 {aiming for Rc4+.} Rh8 55. c4) 54... Kd5 $11 55. Rd4+ $2 {[%mdl 8192]} (55. Rg4 $11 Rxb2+ 56. Ke3) 55... Kc6 $1 $18 56. b4 {White is clearly winning.} Re8 57. Kf3 Re1 58. Re4 Rc1 59. Rc4+ Kb5 60. Rc5+ Kb6 61. Ke4 Rh1 62. Kd3 Rh2 63. Rg5 Rh3+ 64. Kc4 Rh4+ 65. Kb3 Rh3 66. Rc5 Rg3 67. Ka4 Rg1 68. Rh5 {Accuracy: White = 76%, Black = 31%.} 1-0

[Event "Budapest Spring Festival 2019"]
[Site "Budapest"]
[Date "2019.04.15"]
[Round "7.10"]
[White "Nguyen, Piotr"]
[Black "Santos Latasa, Jaime"]
[Result "0-1"]
[WhiteElo "2427"]
[BlackElo "2585"]
[Annotator "ChessBase"]
[PlyCount "48"]
[EventDate "2019.04.09"]
[EventType "swiss"]
[EventCountry "HUN"]
[SourceTitle "playchess.com"]
[Source "ChessBase"]
[SourceQuality "1"]
[TimeControl "40/5400+30:1800+30"]

1. f4 {[%emt 0:00:03]} b6 {[%emt 0:00:25]} 2. e4 {[%emt 0:00:37]} Bb7 {[%emt 0:00:07]} 3. Nc3 {[%emt 0:01:33]} e6 {[%emt 0:00:14]} 4. Nf3 {[%emt 0:01:10]} d5 {[%emt 0:00:57]} 5. Bb5+ {[%emt 0:06:09]} c6 {[%emt 0:00:34]} 6. Bd3 {[%emt 0:02:40]} Nd7 {[%emt 0:00:59]} 7. exd5 {[%emt 0:03:29]} cxd5 {[%emt 0:06:36]} 8. Qe2 {[%emt 0:17:05]} a6 {[%emt 0:10:02]} 9. f5 {[%emt 0:04:56]} Qe7 {[%emt 0:00:47]} 10. fxe6 {[%emt 0:03:05]} fxe6 {[%emt 0:00:08]} 11. Ne5 {[%emt 0:15:36]} Nxe5 {[%emt 0:06:20]} 12. Qxe5 {[%emt 0:00:03]} Nf6 {[%emt 0:00:12]} 13. Na4 {[%emt 0:08:45]} b5 {[%emt 0:03:35]} 14. Nb6 {[%emt 0:00:20]} Rd8 {[%emt 0:00:59]} 15. a4 {[%emt 0:00:25]} b4 {[%emt 0:06:05]} 16. a5 {[%emt 0:01:00]} g6 {[%emt 0:02:51]} 17. c3 {[%emt 0:14:26]} Bg7 {[%emt 0:01:28]} 18. Qd4 {[%emt 0:00:26]} O-O {[%emt 0:02:40]} 19. Qxb4 {[%emt 0:00:20]} Qc7 {[%emt 0:00:07]} 20. O-O {[%emt 0:11:59]} Ne4 {[%emt 0:05:22]} 21. b3 {[%emt 0:03:47]} Be5 {[%emt 0:00:49]} 22. Ba3 {[%emt 0:02:32]} Bxh2+ {[%emt 0:00:10]} 23. Kh1 {[%emt 0:00:05]} Ng3+ {[%emt 0:00:12]} 24. Kxh2 {[%emt 0:00:07]} Nxf1+ {[%emt 0:00:05]} 0-1

[Event "Budapest Spring Festival 2019"]
[Site "Budapest"]
[Date "2019.04.15"]
[Round "7.11"]
[White "Savchenko, Boris"]
[Black "Srinath, Rao S.V."]
[Result "1-0"]
[WhiteElo "2575"]
[BlackElo "2416"]
[Annotator "TA"]
[PlyCount "127"]
[EventDate "2019.04.09"]
[EventType "swiss"]
[EventCountry "HUN"]
[SourceTitle "playchess.com"]
[Source "ChessBase"]
[SourceQuality "1"]

{[%evp 9,127,56,33,1,14,12,19,12,38,18,7,-15,-13,-44,-47,-44,-15,-31,-34,-64,-53,-80,-14,-25,-24,-52,-75,-54,-18,-23,-14,-66,-31,-29,-34,-43,-15,-6,-11,-14,0,-8,-12,-12,-11,-16,-14,-19,-23,-104,-85,-107,-106,-83,-35,-62,0,0,0,0,0,0,0,0,3,3,3,3,3,4,107,105,108,43,89,55,55,44,37,38,231,214,198,55,55,11,23,20,284,289,651,651,29961,29964,29955,10516,12837,12836,6285,5705,2564,2713,29970,29971,29971,29972,29972,29973,29973,29974,29975,29976,29976,29977,29977,29978,29977,29978,29978,29979]} 1. d4 Nf6 2. Bf4 d6 3. Nc3 g6 4. e4 Bg7 5. Qd2 O-O {LiveBook: 34 Games} 6. a3 $146 {B07: Pirc Defence: Miscellaneous Systems} ({Predecessor:} 6. Bh6 e5 7. Bxg7 Kxg7 8. Nge2 c6 9. O-O-O Qa5 10. h4 b5 11. dxe5 dxe5 12. h5 Be6 13. hxg6 fxg6 14. Qd6 Re8 15. Qxe5 Nbd7 16. Qg5 Qc7 17. Nd4 Ne5 18. f4 Nf7 19. Qh4 h6 20. e5 {1-0 (20) Papp,G (2591)-Skoberne,J (2572) Austria 2019}) 6... c5 {And now ...cxd4 would win.} 7. d5 a6 8. f3 {The position is equal.} Re8 9. g4 b5 10. Nh3 h5 11. g5 Nfd7 12. Nf2 Ne5 13. Be2 Nbd7 14. Nfd1 Nb6 15. Ne3 Qc7 (15... Bh3 $17) 16. Kf2 Bd7 17. b3 c4 18. b4 {[#]} Nd3+ $1 {[%mdl 512]} 19. cxd3 cxd3 20. Bxd3 (20. Qxd3 $11 Qxc3 21. Qxc3 Bxc3 22. Rab1) 20... Qxc3 21. Qxc3 Bxc3 22. Rac1 Bb2 23. Rc7 Rec8 $36 {[%mdl 2048] Black has good play.} 24. Rb7 Rab8 25. Rxb8 Rxb8 26. Rb1 Bd4 27. Ke2 Rc8 28. Nd1 Nc4 29. Rb3 (29. Bxc4 $1 $11 Rxc4 30. Kd3) 29... e6 $17 {[%cal Be7e6,Be6e5][%mdl 32]} 30. Ne3 e5 31. Nc2 Bb6 32. Bc1 Bd8 (32... h4 $15 33. Ne3 Bd4) 33. Rc3 $11 Nb6 34. Rxc8 Bxc8 35. Na1 f6 36. gxf6 Bxf6 37. Nb3 g5 38. Be3 Na4 39. Na5 h4 (39... Kf7 $11 {keeps the balance.}) 40. Bc2 $16 Bd7 41. Ba7 (41. Bxa4 $16 bxa4 42. Bb6) 41... h3 42. Kf2 {Black must now prevent Bb8.} g4 43. fxg4 Bxg4 44. Kg3 Bc8 $2 (44... Bd7 $1 $14) 45. Bxa4 bxa4 $18 {[%mdl 4096] Endgame [#] KBB-KBN} 46. Nc4 (46. Bb8 $1 $18) 46... Bd7 $1 $14 47. Bb8 Bg5 $1 48. Bxd6 Bf4+ $2 {[%mdl 8192] [#]} (48... Bb5 $1 $11 {and Black has nothing to worry.} 49. Na5 (49. Bxe5 Bxc4 50. Bf4 Bf6 $17) (49. Nxe5 Bc1 $11) 49... Bc1) 49. Kf2 $1 $18 Bxh2 $2 (49... Bc1 50. Bxe5 Bb5) 50. Bxe5 Bxe5 51. Nxe5 {KB-KN} Bb5 52. Kg3 Bf1 53. d6 {[%cal Bd5d6,Bd6d7][%mdl 32] d7 would kill now.} Kf8 54. Ng6+ Ke8 55. e5 {[%cal Be4e5,Be5e6][%mdl 32]} Kd7 56. Nf8+ {White mates.} Kc6 57. d7 Kc7 58. e6 Kd8 59. Nh7 Ke7 60. Ng5 Bb5 61. Kxh3 Bxd7 62. exd7 Kxd7 63. Ne4 Kc6 64. Nc3 {Precision: White = 58%, Black = 38%.} 1-0